=LDR 00000nam 2200000 4500 =001 NUTBA000000000004253 =005 20151130114426.0 =006 =007 =008 =035 ##$$0010-091400000000286 =082 ##$$a 028.5 =090 ##$$a 028.5 $b KEE A =100 ##$$a keen achroni $t anak kreatif seri kebutuhanku =245 ##$$a ANAK KREATIF SERI KEBUTUHANKU =260 ##$$a jogjakarta $b PT BUKU KITA $c 2011 =300 ##$$a 24 hlm $b illus $c 23 cm. =850 ##$$a NBPBMAT =990 ##$$a 0001/BPAP-NTB/20142014 =990 ##$$a 0001/BPAP-NTB/20142014